000 00614nam a22002297a 4500
003 UA-OsUOA
001 49698
007 ta
008 20071011b un ||||| |||| 00| 0 ukr d
100 _aВатченко С.А.
090 _a82.09
_bВ21
942 _cBK
040 _aUA-OsUOA
_bukr
_cUA-OsUOA
_dUA-OsUOA
245 _aУ истоков английского романа
300 _a283 с.
955 _a3
041 _aukr
080 _a82.09
260 _aК.
_bНаукова думка
_c1984
650 7 _a82 Література. Літературознавство
_2UDC
999 _c335779
_d335779